000 00595nam a2200193Ia 4500
005 20250508164913.0
008 008 250505s9999 xx 000 0 eng d
037 _aDissertations
040 _aFEDL
_beng
_cFEDL
041 _aeng
_2eng
084 _a370, SHA/DI
_qFEDL
100 _aSharma Smriti
245 0 _aTowards developing a teacher sensitisation programme for the introduction of family life education in schools
260 _c2000
300 _a119p.
546 _aM.Ed. Dissertation (Delhi University)
942 _cDIS
_h370, SHA/DI
999 _c1391913
_d1391913